[Event "Heraklion Gazi op"]
[Site "Heraklion"]
[Date "2005.10.01"]
[Round "6"]
[White "Malliotakis, Michail"]
[Black "Goula, Maria"]
[Result "1-0"]
[WhiteElo "1000"]
[BlackElo "1000"]
[PlyCount "83"]
[EventDate "2005.09.27"]
[EventType "swiss"]
[EventRounds "7"]
[EventCountry "GRE"]
[SourceTitle "EXT 2007"]
[Source "ChessBase"]
[SourceDate "2006.11.23"]
[SourceVersion "1"]
[SourceVersionDate "2006.11.23"]
[SourceQuality "1"]

1. e4 e5 2. Nf3 Nc6 3. Bc4 Be7 4. Nc3 Nf6 5. d3 0-0 6. 0-0 d6 7. h3 b6 8. Bg5 a5 9. Nd5 Be6 10. c3 Rb8 11. d4 Nxe4 12. Bxe7 Nxe7 13. Nxe7+ Qxe7 14. Qd3 Bf5 15. Rfe1 Ng3 16. Qe3 Ne4 17. Bd3 d5 18. dxe5 Rbd8 19. Qf4 Qc5 20. Re2 Ng3 21. Qxg3 Bxd3 22. Rd2 Be4 23. Ng5 h6 24. Nxe4 dxe4 25. Re2 Qc4 26. Qg4 Qe6 27. Qxe4 f5 28. Qf4 Qc6 29. Rae1 Qc5 30. e6 Rfe8 31. Re5 Qd6 32. Qxf5 Qf8 33. Qxf8+ Rxf8 34. e7 c5 35. exf8Q+ Kxf8 36. c4 Rd2 37. R1e2 Rxe2 38. Rxe2 Kf7 39. Re5 Kf6 40. Rd5 g5 41. Rd6+ Kf5 42. Rxb6 1-0

[Event "Heraklion Gazi op"]
[Site "Heraklion"]
[Date "2005.09.30"]
[Round "4"]
[White "Stefanatos, Nikolaos"]
[Black "Goula, Maria"]
[Result "1-0"]
[WhiteElo "1005"]
[BlackElo "1005"]
[PlyCount "81"]
[EventDate "2005.09.27"]
[EventType "swiss"]
[EventRounds "7"]
[EventCountry "GRE"]
[SourceTitle "EXT 2007"]
[Source "ChessBase"]
[SourceDate "2006.11.23"]
[SourceVersion "1"]
[SourceVersionDate "2006.11.23"]
[SourceQuality "1"]

1. d4 d5 2. c4 e6 3. Nf3 Nf6 4. Bf4 dxc4 5. e3 b5 6. a4 Bd7 7. Nc3 Bb4 8. Ne5 0-0 9. Be2 Ne4 10. Qc2 f5 11. 0-0 c5 12. Nxb5 Bxb5 13. axb5 cxd4 14. Qxc4 Nd2 15. Qxe6+ Kh8 16. Nf7+ Rxf7 17. Qxf7 Nxf1 18. Be5 Qg8 19. Qxg8+ Kxg8 20. Kxf1 Nd7 21. Bxd4 Rc8 22. g3 Bc5 23. Bxc5 Nxc5 24. Rxa7 Nb3 25. b6 Rb8 26. b7 Nc5 27. Ra8 Nd7 28. Bc4+ Kf8 29. Be6 Rxa8 30. bxa8Q+ Ke7 31. Qc6 Ne5 32. Qd5 Ng6 33. Qxf5 Nf8 34. Qf7+ Kd8 35. Qxf8+ Kc7 36. Qe7+ Kc6 37. Bg4 Kd5 38. Qe6+ Kc5 39. Qd7 Kc4 40. e4 Kc5 41. e5 1-0